| 000 | 01251cam a2200313 4500 | ||
|---|---|---|---|
| 001 | 85850 | ||
| 003 | SpMaBN | ||
| 005 | 20260429150409.0 | ||
| 008 | 000927s2000 sp | o||| ||spa | ||
| 016 | 7 |
_abimoBNE20001926378 _2SpMaBN |
|
| 017 |
_aM 21620-2000 _bOficina Depósito Legal Madrid |
||
| 020 | _a8495365375 | ||
| 035 | _a(OCoLC)433223451 | ||
| 035 | _a(SpMaBN)bimo0001609253 | ||
| 040 |
_aSpMaBN _bspa _cSpMaBN _erdc |
||
| 080 | _a72.036(460) | ||
| 100 | 1 |
_aMoleón Gavilanes, Pedro ( _d1952-) _940820 |
|
| 245 | 1 | 3 |
_aLa arquitectura oficial en las décadas de 1930 y 1940 _b: tercera restauración del clasicismo en España _c/ por Pedro Moleón Gavilanes |
| 260 |
_a[Madrid] _b: Instituto Juan de Herrera _c, [2000] |
||
| 300 |
_a30 p. _b: il. _c; 29 cm |
||
| 440 | 0 |
_aCuadernos del Instituto Juan de Herrera de la Escuela de Arquitectura de Madrid _v77.01 |
|
| 650 | 7 |
_aArquitectura española _yS.XX _2embne _978026 |
|
| 852 | _jF-16119 | ||
| 942 |
_cFONDOMODER _n0 |
||
| 956 | _a1 2 | ||
| 980 |
_aM 21620-2000 _a84-95365-37-5 _aSpMaBN _bBNMADRID _j9/201764 _cSG_RECOLET |
||
| 980 |
_aM 21620-2000 _a84-95365-37-5 _aSpMaBN _bBNALCALA _jAHM/479207 _cSG_PETANTI |
||
| 980 |
_aM 21620-2000 _a84-95365-37-5 _aSpMaBN _bBNALCALA _jDL/1001496 _cCONSERVACI |
||
| 999 |
_c85850 _d85850 |
||